Chemistry of manganese in natural water. (Record no. 30066)

MARC details
000 -LEADER
fixed length control field 01074cam a2200241 4500
001 - CONTROL NUMBER
control field gs 65000302
003 - CONTROL NUMBER IDENTIFIER
control field DLC
005 - DATE AND TIME OF LATEST TRANSACTION
control field 20260227111417.0
008 - FIXED-LENGTH DATA ELEMENTS--GENERAL INFORMATION
fixed length control field 690710s1965 dcua b 00000 eng c
010 ## - LIBRARY OF CONGRESS CONTROL NUMBER
LC control number gs 65000302 //r862
040 ## - CATALOGING SOURCE
Original cataloging agency U.S. Geol. Survey. Library
110 20 - MAIN ENTRY--CORPORATE NAME
Corporate name or jurisdiction name as entry element Geological Survey (U.S.)
245 10 - TITLE STATEMENT
Title Chemistry of manganese in natural water.
260 0# - PUBLICATION, DISTRIBUTION, ETC.
Place of publication, distribution, etc. [Washington,
Name of publisher, distributor, etc. U.S. Govt. Print. Off.,
Date of publication, distribution, etc. 1965]
300 ## - PHYSICAL DESCRIPTION
Extent 4 pts. in 1 v.
Other physical details illus.
Dimensions 24 cm.
490 1# - SERIES STATEMENT
Series statement Water-supply paper
Volume/sequential designation 1667
500 ## - GENERAL NOTE
General note Issued as separate chapters A-D.
504 ## - BIBLIOGRAPHY, ETC. NOTE
Bibliography, etc. note Includes bibliographies.
505 0# - FORMATTED CONTENTS NOTE
Formatted contents note pt. A. Chemical equilibria and rates of manganese oxidation, by J. D. Hem.--pt. B. Deposition and solution of manganese oxides, by J. D. Hem.--pt. C. Intracellular and extracellular concentration of manganese and other elements by aquatic organisms, by E. T. Oborn.--pt. D. Reduction and complexing of manganese by gallic acids, by J. D. Hem.
650 #0 - SUBJECT ADDED ENTRY--TOPICAL TERM
Topical term or geographic name entry element Water
General subdivision Analysis.
650 #0 - SUBJECT ADDED ENTRY--TOPICAL TERM
Topical term or geographic name entry element Manganese.
830 #0 - SERIES ADDED ENTRY--UNIFORM TITLE
Uniform title Geological Survey water-supply paper ;
Volume/sequential designation 1667.

No items available.

Powered by Koha